[Event "Open"]
[Site "Katowice"]
[Date "2025.06.01"]
[Round "6.16"]
[White "Babiarz, Arkadiusz"]
[Black "Hnydiuk, Aleksander"]
[Result "0-1"]
[BlackElo "2264"]
[WhiteElo "2115"]
[LiveChessVersion "1.4.4"]

1. d4 {[%clk 0:10:02]} Nf6 {[%clk 0:09:59]} 2. Bg5 {[%clk 0:10:03]} c5
{[%clk 0:09:51]} 3. d5 {[%clk 0:10:03]} Qb6 {[%clk 0:09:46]} 4. Nc3
{[%clk 0:10:02]} e6 {[%clk 0:09:13]} 5. e4 {[%clk 0:09:42]} a6 {[%clk 0:08:42]}
6. Rb1 {[%clk 0:07:54]} d6 {[%clk 0:07:56]} 7. Nf3 {[%clk 0:07:07]} Be7
{[%clk 0:07:39]} 8. Be2 {[%clk 0:06:04]} O-O {[%clk 0:06:42]} 9. O-O
{[%clk 0:06:00]} Nbd7 {[%clk 0:06:27]} 10. Re1 {[%clk 0:05:08]} e5
{[%clk 0:06:20]} 11. Nh4 {[%clk 0:04:48]} h6 {[%clk 0:06:02]} 12. Nf5
{[%clk 0:04:48]} Qd8 {[%clk 0:05:26]} 13. Be3 {[%clk 0:03:59]} Nb6
{[%clk 0:04:44]} 14. g4 {[%clk 0:03:30]} Bxf5 {[%clk 0:04:33]} 15. gxf5
{[%clk 0:03:30]} Nh7 {[%clk 0:04:20]} 16. Kh1 {[%clk 0:03:06]} Nd7
{[%clk 0:04:14]} 17. Rg1 {[%clk 0:03:02]} Kh8 {[%clk 0:04:13]} 18. a4
{[%clk 0:02:46]} Bg5 {[%clk 0:03:49]} 19. Qd2 {[%clk 0:02:43]} Ndf6
{[%clk 0:03:12]} 20. Rg2 {[%clk 0:02:34]} Rg8 {[%clk 0:02:54]} 21. Rbg1
{[%clk 0:02:34]} Qe7 {[%clk 0:02:48]} 22. Rxg5 {[%clk 0:01:39]} hxg5
{[%clk 0:02:30]} 23. Bxg5 {[%clk 0:01:39]} g6 {[%clk 0:02:23]} 24. Qe3
{[%clk 0:00:46]} gxf5 {[%clk 0:02:21]} 25. Qh3 {[%clk 0:00:39]} Rg7
{[%clk 0:02:01]} 26. Qxf5 {[%clk 0:00:28]} Rag8 {[%clk 0:02:02]} 27. h4
{[%clk 0:00:22]} Nxg5 {[%clk 0:01:49]} 28. hxg5 {[%clk 0:00:23]} Nh7
{[%clk 0:01:48]} 29. Rg2 {[%clk 0:00:11]} Rxg5 {[%clk 0:01:44]} 30. Rxg5
{[%clk 0:00:09]} Rxg5 {[%clk 0:01:40]} 31. Qc8+ {[%clk 0:00:06]} Kg7
{[%clk 0:01:35]} 32. Qh3 {[%clk 0:00:05]} Nf6 {[%clk 0:01:31]} 33. f3
{[%clk 0:00:05]} Rh5 {[%clk 0:01:31]} 34. Kg2 {[%clk 0:00:05]} Rxh3
{[%clk 0:01:33]} 35. Kxh3 {[%clk 0:00:06]} Nh5 {[%clk 0:01:34]} 36. Bf1
{[%clk 0:00:04]} Qg5 {[%clk 0:01:33]} 0-1

[Event "Open"]
[Site "Katowice"]
[Date "2025.06.01"]
[Round "6.17"]
[White "Nakonechnyi, Oleksii"]
[Black "Zawadzka, Jolanta"]
[Result "1-0"]
[BlackElo "2264"]
[WhiteElo "2108"]
[LiveChessVersion "1.4.4"]

1. e4 {[%clk 0:10:03]} Nc6 {[%clk 0:10:03]} 2. d4 {[%clk 0:10:02]} d5
{[%clk 0:10:04]} 3. e5 {[%clk 0:09:51]} f6 {[%clk 0:10:05]} 4. Nf3
{[%clk 0:09:41]} Bg4 {[%clk 0:09:57]} 5. exf6 {[%clk 0:09:28]} Nxf6
{[%clk 0:09:53]} 6. Be2 {[%clk 0:09:28]} e6 {[%clk 0:09:26]} 7. c3
{[%clk 0:09:04]} Bd6 {[%clk 0:09:15]} 8. Bg5 {[%clk 0:09:01]} O-O
{[%clk 0:09:07]} 9. O-O {[%clk 0:08:53]} Qe8 {[%clk 0:08:40]} 10. Nbd2
{[%clk 0:06:25]} Qh5 {[%clk 0:07:31]} 11. Re1 {[%clk 0:05:40]} Ne4
{[%clk 0:06:58]} 12. Be3 {[%clk 0:04:27]} Nxd2 {[%clk 0:06:37]} 13. Bxd2
{[%clk 0:03:47]} Bxf3 {[%clk 0:06:35]} 14. Bxf3 {[%clk 0:03:46]} Qxh2+
{[%clk 0:06:24]} 15. Kf1 {[%clk 0:03:47]} Rae8 {[%clk 0:05:10]} 16. Ke2
{[%clk 0:03:24]} Rxf3 {[%clk 0:03:46]} 17. gxf3 {[%clk 0:03:07]} Bg3
{[%clk 0:03:38]} 18. Be3 {[%clk 0:02:55]} Rf8 {[%clk 0:03:14]} 19. Rg1
{[%clk 0:02:16]} Bf4 {[%clk 0:02:41]} 20. Rh1 {[%clk 0:02:08]} Qg2
{[%clk 0:02:39]} 21. Qd3 {[%clk 0:01:42]} Bxe3 22. Qxh7+ {[%clk 0:01:21]} Kf7
{[%clk 0:02:25]} 23. Kxe3 {[%clk 0:01:21]} Ke8 {[%clk 0:02:06]} 24. Qh5+
{[%clk 0:01:18]} Kd8 {[%clk 0:01:52]} 25. Rag1 {[%clk 0:01:18]} g6
{[%clk 0:01:42]} 26. Qh4+ {[%clk 0:01:13]} g5 {[%clk 0:01:31]} 27. Qh5
{[%clk 0:01:12]} 1-0

[Event "Open"]
[Site "Katowice"]
[Date "2025.06.01"]
[Round "6.18"]
[White "Janeczko, Jakub"]
[Black "Suder, Jakub"]
[Result "1-0"]
[BlackElo "2249"]
[WhiteElo "2043"]
[LiveChessVersion "1.4.4"]

1. d4 {[%clk 0:10:03]} Nf6 {[%clk 0:10:03]} 2. c4 {[%clk 0:10:04]} e6
{[%clk 0:10:04]} 3. Nf3 {[%clk 0:10:05]} b6 {[%clk 0:10:05]} 4. g3
{[%clk 0:10:06]} Bb7 {[%clk 0:10:06]} 5. Bg2 {[%clk 0:10:07]} d6 {[%clk 0:10:06]}
6. O-O {[%clk 0:10:06]} Nbd7 {[%clk 0:10:06]} 7. Nc3 {[%clk 0:10:07]} Be7
{[%clk 0:10:04]} 8. Qc2 {[%clk 0:10:08]} O-O {[%clk 0:09:34]} 9. e4
{[%clk 0:10:09]} e5 {[%clk 0:09:35]} 10. dxe5 {[%clk 0:09:54]} Nxe5
{[%clk 0:09:34]} 11. Nxe5 {[%clk 0:09:54]} dxe5 {[%clk 0:09:35]} 12. Rd1
{[%clk 0:09:48]} Bd6 {[%clk 0:09:07]} 13. Bg5 {[%clk 0:09:04]} h6
{[%clk 0:08:57]} 14. Bxf6 {[%clk 0:09:04]} Qxf6 {[%clk 0:08:58]} 15. Nd5
{[%clk 0:09:05]} Qe6 {[%clk 0:08:37]} 16. Rd3 {[%clk 0:08:53]} Rfd8
{[%clk 0:08:16]} 17. Rad1 {[%clk 0:08:54]} c6 {[%clk 0:08:09]} 18. Ne3
{[%clk 0:08:54]} Be7 {[%clk 0:08:02]} 19. Nf5 {[%clk 0:08:48]} Rxd3
{[%clk 0:07:44]} 20. Qxd3 {[%clk 0:08:47]} Bf8 {[%clk 0:07:14]} 21. Bh3
{[%clk 0:07:21]} Qf6 {[%clk 0:05:54]} 22. Qf3 {[%clk 0:06:18]} Bc8
{[%clk 0:05:21]} 23. Kg2 {[%clk 0:05:49]} Be6 {[%clk 0:05:11]} 24. b3
{[%clk 0:05:44]} b5 {[%clk 0:05:13]} 25. cxb5 {[%clk 0:05:21]} cxb5
{[%clk 0:05:14]} 26. Qe2 {[%clk 0:05:03]} b4 {[%clk 0:04:53]} 27. Ne3
{[%clk 0:04:45]} Bxh3+ {[%clk 0:04:37]} 28. Kxh3 {[%clk 0:04:45]} a5
{[%clk 0:04:35]} 29. Kg2 {[%clk 0:04:39]} a4 {[%clk 0:04:27]} 30. Ng4
{[%clk 0:04:32]} Qe6 {[%clk 0:04:21]} 31. Rd5 {[%clk 0:04:24]} f6
{[%clk 0:03:59]} 32. Ne3 {[%clk 0:03:24]} axb3 {[%clk 0:03:41]} 33. axb3
{[%clk 0:03:24]} Qc6 {[%clk 0:03:38]} 34. Nc4 {[%clk 0:03:00]} Rc8
{[%clk 0:03:22]} 35. Qh5 {[%clk 0:02:35]} Qe6 {[%clk 0:03:13]} 36. Qd1
{[%clk 0:02:05]} Kh7 {[%clk 0:02:40]} 37. Qd3 {[%clk 0:01:57]} Bc5
{[%clk 0:02:13]} 38. f4 {[%clk 0:01:45]} Bd4 {[%clk 0:02:14]} 39. fxe5
{[%clk 0:01:40]} fxe5 {[%clk 0:02:08]} 40. Rd6 {[%clk 0:01:19]} Qe7
{[%clk 0:01:49]} 41. Ra6 {[%clk 0:00:36]} Rf8 {[%clk 0:01:41]} 42. Ne3
{[%clk 0:00:34]} Qb7 {[%clk 0:01:10]} 43. Ra2 {[%clk 0:00:20]} Qc6
{[%clk 0:00:51]} 44. Rc2 {[%clk 0:00:15]} Qb7 {[%clk 0:00:38]} 45. Nd5
{[%clk 0:00:11]} Qb8 {[%clk 0:00:08]} 46. Rc7 {[%clk 0:00:07]} Qe8
{[%clk 0:00:04]} 47. Rc2 {[%clk 0:00:07]} Qg6 {[%clk 0:00:05]} 48. Ne7
{[%clk 0:00:06]} Qg5 {[%clk 0:00:04]} 49. Nd5 {[%clk 0:00:07]} Qg6
{[%clk 0:00:05]} 50. Ne3 {[%clk 0:00:07]} Qg5 {[%clk 0:00:04]} 51. Nf5
{[%clk 0:00:08]} Qf6 {[%clk 0:00:05]} 52. h4 {[%clk 0:00:07]} g6 {[%clk 0:00:04]}
53. g4 {[%clk 0:00:06]} gxf5 {[%clk 0:00:05]} 54. exf5 {[%clk 0:00:07]} Qxh4
{[%clk 0:00:05]} 55. f6+ {[%clk 0:00:08]} Kh8 {[%clk 0:00:04]} 56. Rc7
{[%clk 0:00:07]} Qf2+ {[%clk 0:00:05]} 57. Kh3 {[%clk 0:00:07]} Qe3+
{[%clk 0:00:03]} 58. Qxe3 {[%clk 0:00:08]} Bxe3 {[%clk 0:00:04]} 59. Rc6
{[%clk 0:00:09]} Bg5 {[%clk 0:00:05]} 60. f7 {[%clk 0:00:08]} Rxf7
{[%clk 0:00:06]} 61. Re6 {[%clk 0:00:09]} Rf3+ {[%clk 0:00:07]} 62. Kg2
{[%clk 0:00:10]} Rxb3 {[%clk 0:00:08]} 63. Rxe5 {[%clk 0:00:11]} Rb2+
{[%clk 0:00:09]} 64. Kf3 {[%clk 0:00:12]} b3 {[%clk 0:00:09]} 65. Rb5
{[%clk 0:00:14]} Rb1 {[%clk 0:00:10]} 66. Ke2 {[%clk 0:00:14]} b2
{[%clk 0:00:11]} 67. Kf2 {[%clk 0:00:14]} Bc1 {[%clk 0:00:10]} 68. Rb8+
{[%clk 0:00:13]} Kg7 69. Ke2 {[%clk 0:00:10]} Ra1 {[%clk 0:00:11]} 70. Rb7+
{[%clk 0:00:09]} Kg6 {[%clk 0:00:12]} 71. Rb6+ {[%clk 0:00:10]} Kg5
{[%clk 0:00:12]} 72. Rb5+ {[%clk 0:00:10]} Kh4 {[%clk 0:00:10]} 73. Kf3
{[%clk 0:00:09]} Bg5 {[%clk 0:00:06]} 74. Rxb2 {[%clk 0:00:08]} Ra3+
{[%clk 0:00:07]} 75. Kg2 {[%clk 0:00:08]} Rg3+ {[%clk 0:00:07]} 76. Kh2
{[%clk 0:00:07]} Rxg4 {[%clk 0:00:07]} 77. Rb3 {[%clk 0:00:06]} Bf4+
{[%clk 0:00:08]} 78. Kh1 {[%clk 0:00:06]} h5 {[%clk 0:00:09]} 79. Rb2
{[%clk 0:00:06]} Rg3 {[%clk 0:00:10]} 80. Rb5 {[%clk 0:00:05]} Re3
{[%clk 0:00:07]} 81. Kg2 {[%clk 0:00:05]} Kg4 {[%clk 0:00:07]} 82. Rb2
{[%clk 0:00:06]} h4 {[%clk 0:00:08]} 83. Rf2 {[%clk 0:00:06]} h3+
{[%clk 0:00:07]} 84. Kf1 {[%clk 0:00:06]} Kg3 {[%clk 0:00:06]} 85. Ra2
{[%clk 0:00:04]} h2 {[%clk 0:00:05]} 86. Rg2+ {[%clk 0:00:04]} Kf3
{[%clk 0:00:00]} 1-0

[Event "Open"]
[Site "Katowice"]
[Date "2025.06.01"]
[Round "6.19"]
[White "Radzimski, Antoni"]
[Black "Trybus, Daniel"]
[Result "0-1"]
[BlackElo "2088"]
[WhiteElo "2243"]
[LiveChessVersion "1.4.4"]

1. e4 {[%clk 0:10:03]} c5 {[%clk 0:10:04]} 2. Nc3 {[%clk 0:10:01]} Nc6
{[%clk 0:10:05]} 3. Nf3 {[%clk 0:09:58]} d6 {[%clk 0:10:06]} 4. d4
{[%clk 0:09:58]} cxd4 {[%clk 0:10:07]} 5. Nxd4 {[%clk 0:09:59]} Nf6
{[%clk 0:10:08]} 6. Be3 {[%clk 0:09:56]} Ng4 {[%clk 0:10:09]} 7. Nxc6
{[%clk 0:09:34]} bxc6 {[%clk 0:10:05]} 8. Bd2 {[%clk 0:09:18]} Qb6
{[%clk 0:09:48]} 9. Qe2 {[%clk 0:09:05]} Qxb2 {[%clk 0:09:33]} 10. Rc1
{[%clk 0:08:50]} g6 {[%clk 0:09:16]} 11. f3 {[%clk 0:08:35]} Nf6 {[%clk 0:09:15]}
12. e5 {[%clk 0:08:23]} dxe5 {[%clk 0:09:02]} 13. Qxe5 {[%clk 0:08:20]} Bg7
{[%clk 0:09:01]} 14. Qc5 {[%clk 0:07:23]} Qb6 {[%clk 0:08:46]} 15. Qxb6
{[%clk 0:06:43]} axb6 {[%clk 0:08:46]} 16. Bc4 {[%clk 0:06:43]} b5
{[%clk 0:08:46]} 17. Bb3 {[%clk 0:06:45]} O-O {[%clk 0:08:38]} 18. O-O
{[%clk 0:06:36]} Nd7 {[%clk 0:08:34]} 19. a4 {[%clk 0:06:23]} Bxc3
{[%clk 0:08:19]} 20. Bxc3 {[%clk 0:06:21]} bxa4 {[%clk 0:08:20]} 21. Ba2
{[%clk 0:06:16]} Nb6 {[%clk 0:08:06]} 22. Rfe1 {[%clk 0:05:57]} e6
{[%clk 0:08:04]} 23. Bb4 {[%clk 0:05:52]} Rd8 {[%clk 0:07:58]} 24. c4
{[%clk 0:05:12]} Ba6 {[%clk 0:07:45]} 25. Ba5 {[%clk 0:05:00]} Rdb8
{[%clk 0:07:46]} 26. Rb1 {[%clk 0:04:43]} Nxc4 {[%clk 0:07:28]} 27. Bxc4
{[%clk 0:04:33]} Bxc4 {[%clk 0:07:27]} 0-1

[Event "Open"]
[Site "Katowice"]
[Date "2025.06.01"]
[Round "6.20"]
[White "Sowa, Roch"]
[Black "Kiolbasa, Oliwia"]
[Result "1-0"]
[BlackElo "2241"]
[WhiteElo "1824"]
[LiveChessVersion "1.4.4"]

1. e4 {[%clk 0:10:03]} c5 {[%clk 0:10:02]} 2. Nf3 {[%clk 0:10:03]} d6
{[%clk 0:10:00]} 3. d4 {[%clk 0:10:04]} cxd4 {[%clk 0:10:00]} 4. Nxd4
{[%clk 0:10:04]} Nf6 {[%clk 0:10:01]} 5. Nc3 {[%clk 0:10:04]} a6 {[%clk 0:10:02]}
6. a4 {[%clk 0:10:05]} e5 {[%clk 0:09:51]} 7. Nde2 {[%clk 0:09:52]} h6
{[%clk 0:09:47]} 8. Ng3 {[%clk 0:09:52]} Be6 {[%clk 0:09:38]} 9. Be2
{[%clk 0:09:36]} d5 {[%clk 0:09:19]} 10. exd5 {[%clk 0:09:20]} Nxd5
{[%clk 0:09:18]} 11. Nce4 {[%clk 0:08:33]} Be7 {[%clk 0:08:55]} 12. O-O
{[%clk 0:08:02]} O-O {[%clk 0:08:53]} 13. c4 {[%clk 0:07:36]} Nf6
{[%clk 0:08:17]} 14. Nxf6+ {[%clk 0:07:11]} Bxf6 {[%clk 0:08:16]} 15. Qb3
{[%clk 0:06:49]} Qc7 {[%clk 0:08:03]} 16. Be3 {[%clk 0:06:45]} Nc6
{[%clk 0:07:21]} 17. Qc3 {[%clk 0:05:42]} Nd4 {[%clk 0:06:47]} 18. Bxd4
{[%clk 0:05:21]} exd4 {[%clk 0:06:47]} 19. Qc2 {[%clk 0:05:11]} Be5
{[%clk 0:05:56]} 20. Rad1 {[%clk 0:04:54]} b5 {[%clk 0:05:40]} 21. axb5
{[%clk 0:04:37]} axb5 {[%clk 0:05:41]} 22. c5 {[%clk 0:04:13]} b4
{[%clk 0:05:30]} 23. Bf3 {[%clk 0:03:57]} Rac8 {[%clk 0:05:20]} 24. c6
{[%clk 0:03:33]} Rfd8 {[%clk 0:04:36]} 25. Qc5 {[%clk 0:02:48]} Bd6
{[%clk 0:03:16]} 26. Qb5 {[%clk 0:01:59]} Rb8 {[%clk 0:03:00]} 27. Qe2
{[%clk 0:01:59]} Bb3 {[%clk 0:02:28]} 28. Rxd4 {[%clk 0:01:15]} Be5
{[%clk 0:02:27]} 29. Rxd8+ {[%clk 0:01:01]} Rxd8 {[%clk 0:02:28]} 30. Rc1
{[%clk 0:00:50]} Bd5 {[%clk 0:01:45]} 31. Bxd5 {[%clk 0:00:40]} Rxd5
{[%clk 0:01:46]} 32. Nf1 {[%clk 0:00:25]} Rd8 {[%clk 0:00:55]} 33. Rc4
{[%clk 0:00:18]} Bd6 {[%clk 0:00:53]} 34. g3 {[%clk 0:00:15]} Rc8
{[%clk 0:00:46]} 35. b3 {[%clk 0:00:14]} Qb6 {[%clk 0:00:38]} 36. Qf3
{[%clk 0:00:15]} Be7 {[%clk 0:00:28]} 37. Ne3 {[%clk 0:00:13]} 1-0

[Event "Open"]
[Site "Katowice"]
[Date "2025.06.01"]
[Round "6.21"]
[White "Kejna, Piotr"]
[Black "Tokarz, Izabela"]
[Result "1-0"]
[BlackElo "2076"]
[WhiteElo "2224"]
[LiveChessVersion "1.4.4"]

1. d4 {[%clk 0:10:03]} c5 {[%clk 0:10:04]} 2. d5 {[%clk 0:10:03]} Nf6
{[%clk 0:10:05]} 3. Nc3 {[%clk 0:09:58]} d6 {[%clk 0:09:58]} 4. e4
{[%clk 0:09:57]} g6 {[%clk 0:09:59]} 5. a4 {[%clk 0:09:55]} Bg7 {[%clk 0:10:00]}
6. Nf3 {[%clk 0:09:48]} O-O {[%clk 0:09:59]} 7. g3 {[%clk 0:09:37]} Bg4
{[%clk 0:09:59]} 8. Bg2 {[%clk 0:09:35]} a6 {[%clk 0:09:57]} 9. a5
{[%clk 0:09:31]} Nbd7 {[%clk 0:09:56]} 10. h3 {[%clk 0:09:08]} Bxf3
{[%clk 0:09:52]} 11. Bxf3 {[%clk 0:09:08]} b5 {[%clk 0:09:49]} 12. axb6
{[%clk 0:09:06]} Qxb6 {[%clk 0:09:39]} 13. O-O {[%clk 0:09:00]} Rfb8
{[%clk 0:09:33]} 14. Be2 {[%clk 0:08:48]} Ne8 {[%clk 0:08:39]} 15. Kg2
{[%clk 0:08:22]} Nc7 {[%clk 0:08:33]} 16. Ra2 {[%clk 0:07:50]} Nb5
{[%clk 0:08:17]} 17. Na4 {[%clk 0:07:45]} Qb7 {[%clk 0:08:01]} 18. Be3
{[%clk 0:07:10]} Nd4 {[%clk 0:07:29]} 19. Bc4 {[%clk 0:06:49]} Nb6
{[%clk 0:06:20]} 20. Nxb6 {[%clk 0:06:44]} Qxb6 {[%clk 0:06:21]} 21. Qd3
{[%clk 0:06:21]} a5 {[%clk 0:06:12]} 22. Rfa1 {[%clk 0:05:36]} e6
{[%clk 0:04:47]} 23. dxe6 {[%clk 0:05:23]} Nxe6 {[%clk 0:04:24]} 24. Bd2
{[%clk 0:04:46]} a4 {[%clk 0:03:12]} 25. Bxe6 {[%clk 0:03:38]} fxe6
{[%clk 0:03:07]} 26. Qc4 {[%clk 0:03:38]} Re8 {[%clk 0:01:18]} 27. Rxa4
{[%clk 0:03:34]} Rxa4 {[%clk 0:01:19]} 28. Rxa4 {[%clk 0:03:35]} Qxb2
{[%clk 0:01:04]} 29. Ra6 {[%clk 0:03:20]} Qe5 {[%clk 0:00:26]} 30. Bf4
{[%clk 0:03:13]} Qd4 {[%clk 0:00:18]} 31. Qxd4 {[%clk 0:02:59]} Bxd4
{[%clk 0:00:18]} 32. Rxd6 {[%clk 0:02:41]} e5 {[%clk 0:00:19]} 33. Bd2
{[%clk 0:02:34]} c4 {[%clk 0:00:03]} 34. Rc6 {[%clk 0:02:27]} Rf8
{[%clk 0:00:04]} 35. f3 {[%clk 0:02:26]} c3 {[%clk 0:00:03]} 36. Bxc3
{[%clk 0:02:24]} Bxc3 {[%clk 0:00:04]} 37. Rxc3 {[%clk 0:02:24]} Rd8
{[%clk 0:00:05]} 38. Rd3 {[%clk 0:02:07]} Rc8 {[%clk 0:00:06]} 39. Rd2
{[%clk 0:02:09]} Rc3 {[%clk 0:00:07]} 40. h4 {[%clk 0:01:59]} Kf7
{[%clk 0:00:08]} 41. g4 {[%clk 0:01:59]} Kf6 {[%clk 0:00:09]} 42. g5+
{[%clk 0:01:52]} Ke7 {[%clk 0:00:07]} 43. Kg3 {[%clk 0:01:51]} Ke6
{[%clk 0:00:03]} 44. Kg4 {[%clk 0:01:50]} 1-0

[Event "Open"]
[Site "Katowice"]
[Date "2025.06.01"]
[Round "6.22"]
[White "Cieslak, Patryk"]
[Black "Siedlinski, Piotr"]
[Result "0-1"]
[BlackElo "2020"]
[WhiteElo "2220"]
[LiveChessVersion "1.4.4"]

1. e4 {[%clk 0:10:02]} c5 {[%clk 0:10:03]} 2. g3 {[%clk 0:10:03]} g6
{[%clk 0:10:04]} 3. Bg2 {[%clk 0:10:03]} Bg7 {[%clk 0:10:05]} 4. Ne2
{[%clk 0:10:04]} Nc6 {[%clk 0:10:03]} 5. O-O {[%clk 0:10:00]} d6 {[%clk 0:10:03]}
6. c3 {[%clk 0:09:55]} e6 {[%clk 0:09:58]} 7. d4 {[%clk 0:09:27]} cxd4
{[%clk 0:09:58]} 8. cxd4 {[%clk 0:09:27]} Nge7 {[%clk 0:09:54]} 9. Nbc3
{[%clk 0:09:04]} O-O {[%clk 0:09:48]} 10. Be3 {[%clk 0:09:00]} Bd7
{[%clk 0:09:40]} 11. Qd2 {[%clk 0:08:59]} Rc8 {[%clk 0:09:36]} 12. d5
{[%clk 0:07:56]} exd5 {[%clk 0:09:36]} 13. exd5 {[%clk 0:07:56]} Ne5
{[%clk 0:09:31]} 14. Bxa7 {[%clk 0:07:23]} b6 {[%clk 0:09:16]} 15. a4
{[%clk 0:05:11]} Nc4 {[%clk 0:08:11]} 16. Qd1 {[%clk 0:03:36]} Qc7
{[%clk 0:06:49]} 17. Nb5 {[%clk 0:03:25]} Bxb5 {[%clk 0:06:50]} 18. axb5
{[%clk 0:03:25]} Nxb2 {[%clk 0:05:01]} 19. Qb3 {[%clk 0:03:26]} Ra8
{[%clk 0:04:40]} 20. Rfc1 {[%clk 0:02:41]} Qb7 {[%clk 0:04:09]} 21. Qa3
{[%clk 0:02:17]} Nc4 {[%clk 0:03:24]} 22. Rxc4 {[%clk 0:02:08]} Bxa1
{[%clk 0:03:24]} 23. Qxa1 {[%clk 0:02:09]} Rxa7 {[%clk 0:03:14]} 24. Qf6
{[%clk 0:01:49]} Nf5 {[%clk 0:02:12]} 25. h4 {[%clk 0:01:40]} Qe7
{[%clk 0:02:07]} 26. Qb2 {[%clk 0:01:34]} Rc7 {[%clk 0:01:49]} 27. Re4
{[%clk 0:01:35]} Qd7 {[%clk 0:01:40]} 28. h5 {[%clk 0:01:24]} Re8
{[%clk 0:01:40]} 29. g4 {[%clk 0:00:32]} Rxe4 {[%clk 0:01:40]} 30. Bxe4
{[%clk 0:00:25]} Ng7 {[%clk 0:01:19]} 31. f3 {[%clk 0:00:10]} Qe7
{[%clk 0:01:07]} 32. Nd4 {[%clk 0:00:05]} Qe5 {[%clk 0:01:03]} 33. Qa1
{[%clk 0:00:05]} Ne8 {[%clk 0:00:20]} 34. Qa8 {[%clk 0:00:05]} Qxd4+
{[%clk 0:00:17]} 35. Kg2 {[%clk 0:00:07]} Qb2+ {[%clk 0:00:09]} 36. Kh3
{[%clk 0:00:07]} Qe5 {[%clk 0:00:09]} 37. Qd8 {[%clk 0:00:07]} Rc1
{[%clk 0:00:08]} 0-1

[Event "Open"]
[Site "Katowice"]
[Date "2025.06.01"]
[Round "6.23"]
[White "Ochedzan, Filip"]
[Black "Rudzinska, Michalina"]
[Result "1-0"]
[BlackElo "2215"]
[WhiteElo "1928"]
[LiveChessVersion "1.4.4"]

1. e4 {[%clk 0:10:04]} c5 {[%clk 0:10:03]} 2. Nf3 {[%clk 0:10:04]} Nc6
{[%clk 0:10:04]} 3. Bb5 {[%clk 0:10:06]} g6 {[%clk 0:09:59]} 4. O-O
{[%clk 0:10:06]} Bg7 {[%clk 0:09:59]} 5. c3 {[%clk 0:10:08]} e6 {[%clk 0:09:49]}
6. d4 {[%clk 0:10:09]} cxd4 {[%clk 0:09:49]} 7. cxd4 {[%clk 0:10:10]} Nge7
{[%clk 0:09:48]} 8. Nc3 {[%clk 0:10:10]} O-O {[%clk 0:09:41]} 9. Re1
{[%clk 0:10:11]} d5 {[%clk 0:09:40]} 10. e5 {[%clk 0:10:00]} Bd7 {[%clk 0:09:22]}
11. Bg5 {[%clk 0:09:56]} h6 {[%clk 0:09:21]} 12. Bh4 {[%clk 0:08:45]} g5
{[%clk 0:09:19]} 13. Bg3 {[%clk 0:08:46]} Ng6 {[%clk 0:09:12]} 14. Bd3
{[%clk 0:08:38]} Nce7 {[%clk 0:08:10]} 15. h4 {[%clk 0:08:36]} g4
{[%clk 0:07:35]} 16. Nh2 {[%clk 0:08:02]} h5 {[%clk 0:07:33]} 17. f3
{[%clk 0:08:03]} Nf5 {[%clk 0:07:25]} 18. Bxf5 {[%clk 0:08:00]} exf5
{[%clk 0:07:24]} 19. Nxd5 {[%clk 0:07:03]} Ba4 {[%clk 0:06:20]} 20. Qxa4
{[%clk 0:06:42]} Qxd5 {[%clk 0:06:19]} 21. f4 {[%clk 0:06:32]} Rac8
{[%clk 0:05:50]} 22. Rac1 {[%clk 0:06:26]} Rxc1 {[%clk 0:05:06]} 23. Rxc1
{[%clk 0:06:27]} Qe4 {[%clk 0:05:04]} 24. Re1 {[%clk 0:06:10]} Qd3
{[%clk 0:04:59]} 25. Nf1 {[%clk 0:06:10]} Rc8 {[%clk 0:04:44]} 26. Qd7
{[%clk 0:04:56]} Rc2 {[%clk 0:04:09]} 27. Qe8+ {[%clk 0:04:43]} Bf8
{[%clk 0:04:00]} 28. e6 {[%clk 0:04:16]} Qxd4+ {[%clk 0:03:39]} 29. Kh1
{[%clk 0:04:14]} Nh8 {[%clk 0:02:02]} 30. e7 {[%clk 0:04:11]} Ng6
{[%clk 0:01:50]} 31. exf8=Q+ {[%clk 0:03:57]} Nxf8 {[%clk 0:01:49]} 32. Ne3
{[%clk 0:03:50]} Rxb2 {[%clk 0:01:25]} 33. Nxf5 {[%clk 0:03:43]} Qd2
{[%clk 0:00:57]} 34. Nh6+ {[%clk 0:03:26]} Kg7 {[%clk 0:00:56]} 35. Qxf7+
{[%clk 0:03:26]} Kxh6 {[%clk 0:00:44]} 36. Qxf8+ {[%clk 0:03:26]} Kg6
{[%clk 0:00:40]} 37. Re6+ {[%clk 0:03:26]} Kh7 {[%clk 0:00:41]} 38. Qf7+
{[%clk 0:03:26]} Kh8 {[%clk 0:00:42]} 39. Re8# {[%clk 0:03:26]} 1-0